| 000 | 01060nam a22003497a 4500 | ||
|---|---|---|---|
| 003 | CHAP | ||
| 005 | 20220817043950.0 | ||
| 008 | 040219d2003 it rn 00110 fre d | ||
| 010 | _a88967 | ||
| 011 | _a89939 | ||
| 020 | _a9252046674 | ||
| 035 | _a100492 | ||
| 040 | _cCHAP | ||
| 082 | 0 | 4 |
_a333 _bF42f v.2 |
| 110 | 2 | _aFAO | |
| 245 | 1 | 3 |
_aDirectives concernant les bonnes pratiques en matiƩre de baux agricoles _c/par FAO |
| 260 |
_aRome : _bFAO, _c2002. |
||
| 300 | _a68 p. | ||
| 410 | 0 | 0 | _aFAO |
| 490 | 0 |
_aFAO. Estudios sobre tenencia de la tierra _v; 2 |
|
| 590 |
_aBATCH-UPD _b10 _c20130110 _lUCH01 _h1039 |
||
| 590 |
_aCONVERSION _b10 _c20130109 _lUCH01 _h1349 |
||
| 650 | 1 | 4 |
_aAgricultura contractual. _91944 |
| 650 | 1 | 4 |
_aArrendado y arrendatario. _97437 |
| 650 | 1 | 4 |
_aTierras _xArrendamiento. _9113092 |
| 810 | 0 | _aFAO | |
| 830 | 0 | 0 |
_aFAO. Estudios sobre tenencia de la tierra _v; 2 _939557 |
| 901 | _aBK | ||
| 905 | _aMayto Villalobos Santana | ||
| 942 | _cLIBRO | ||
| 949 |
_a333 F42f v.2 _bBC _cFAO _d33724000927786 _eFAO1 _h104250 _i100492 _sb |
||
| 999 |
_c88967 _d88967 |
||